معاهد تزكية النفوس فى مصر فى العصر الأيوبى والمملوكى / (Record no. 14522)
[ view plain ]
| 000 -LEADER | |
|---|---|
| fixed length control field | 00559nam a22001457a 4500 |
| 008 - FIXED-LENGTH DATA ELEMENTS--GENERAL INFORMATION | |
| fixed length control field | 100721t xxu||||| |||| 00| 0 eng d |
| 082 ## - DEWEY DECIMAL CLASSIFICATION NUMBER | |
| Classification number | 260.9 |
| Item number | ع ب د |
| 100 ## - MAIN ENTRY--PERSONAL NAME | |
| 9 (RLIN) | 16588 |
| Personal name | عبد الله, دولت |
| 245 ## - TITLE STATEMENT | |
| Title | معاهد تزكية النفوس فى مصر فى العصر الأيوبى والمملوكى / |
| Statement of responsibility, etc | تأليف دولت عبد الله |
| 260 ## - PUBLICATION, DISTRIBUTION, ETC. (IMPRINT) | |
| Place of publication, distribution, etc | القاهرة: |
| Name of publisher, distributor, etc | مطبعة حسان, |
| Date of publication, distribution, etc | [1980] |
| 300 ## - PHYSICAL DESCRIPTION | |
| Extent | 318 ص: |
| Other physical details | ايض؛ |
| Dimensions | 25 سم. |
| 650 ## - SUBJECT ADDED ENTRY--TOPICAL TERM | |
| 9 (RLIN) | 8297 |
| Topical term or geographic name as entry element | التصوف. |
| 650 ## - SUBJECT ADDED ENTRY--TOPICAL TERM | |
| 9 (RLIN) | 8787 |
| Topical term or geographic name as entry element | التصوف الإسلامى |
| 942 ## - ADDED ENTRY ELEMENTS (KOHA) | |
| Source of classification or shelving scheme | Dewey Decimal Classification |
| Item type | Book - Borrowing |
| Withdrawn status | Item status | Source of classification or shelving scheme | Damaged status | Not for loan | Vendor | Home library | Current library | Shelving location | Date acquired | Source of acquisition | Total Checkouts | Full call number | Barcode | Date last seen | Koha item type |
|---|---|---|---|---|---|---|---|---|---|---|---|---|---|---|---|
| Dewey Decimal Classification | Alef-Baa | Central Library | Central Library | Lower Floor | 21/07/2010 | 260.9 ع ب د | 000021289 | 15/07/2025 | Book - Borrowing |